Enhanced oil recovery : (Record no. 16392)
[ view plain ]
| 000 -LEADER | |
|---|---|
| fixed length control field | 01075cam a2200253 a 4500 |
| 001 - CONTROL NUMBER | |
| control field | 16182156 |
| 005 - DATE AND TIME OF LATEST TRANSACTION | |
| control field | 20100809145030.0 |
| 008 - FIXED-LENGTH DATA ELEMENTS--GENERAL INFORMATION | |
| fixed length control field | 100412s2010 mauab b 001 0 eng |
| 020 ## - INTERNATIONAL STANDARD BOOK NUMBER | |
| International Standard Book Number | 9781856178556 (hc) |
| 020 ## - INTERNATIONAL STANDARD BOOK NUMBER | |
| International Standard Book Number | 1856178552 |
| 040 ## - CATALOGING SOURCE | |
| Original cataloging agency | DLC |
| Transcribing agency | DLC |
| Modifying agency | YDX |
| -- | BTCTA |
| -- | YDXCP |
| -- | DLC |
| 082 00 - DEWEY DECIMAL CLASSIFICATION NUMBER | |
| Classification number | 622.33827 |
| Edition number | 22 |
| Item number | ALV |
| 100 1# - MAIN ENTRY--PERSONAL NAME | |
| Personal name | Alvarado, V. |
| Fuller form of name | (Vladimir) |
| 9 (RLIN) | 28637 |
| 245 10 - TITLE STATEMENT | |
| Title | Enhanced oil recovery : |
| Remainder of title | field planning and development strategies / |
| Statement of responsibility, etc | Vladimir Alvarado and Eduardo Manrique. |
| 260 ## - PUBLICATION, DISTRIBUTION, ETC. (IMPRINT) | |
| Place of publication, distribution, etc | Burlington, MA : |
| Name of publisher, distributor, etc | Gulf Professional Pub./Elsevier, |
| Date of publication, distribution, etc | c2010. |
| 300 ## - PHYSICAL DESCRIPTION | |
| Extent | xv, 192 p. : |
| Other physical details | ill., maps ; |
| Dimensions | 24 cm. |
| 504 ## - BIBLIOGRAPHY, ETC. NOTE | |
| Bibliography, etc | Includes bibliographical references and index. |
| 650 #0 - SUBJECT ADDED ENTRY--TOPICAL TERM | |
| Topical term or geographic name as entry element | Enhanced oil recovery. |
| 9 (RLIN) | 28638 |
| 653 ## - INDEX TERM--UNCONTROLLED | |
| Resource For college | |
| Arrived date list | February2012 |
| 700 1# - ADDED ENTRY--PERSONAL NAME | |
| Personal name | Manrique, E. |
| Fuller form of name | (Eduardo) |
| 9 (RLIN) | 28639 |
| 942 ## - ADDED ENTRY ELEMENTS (KOHA) | |
| Source of classification or shelving scheme | Dewey Decimal Classification |
| Item type | Book - Borrowing |
| Withdrawn status | Item status | Source of classification or shelving scheme | Damaged status | Not for loan | Vendor | Home library | Current library | Shelving location | Date acquired | Source of acquisition | Cost, normal purchase price | Serial Enumeration / chronology | Total Checkouts | Total Renewals | Full call number | Barcode | Date last seen | Date last borrowed | Koha item type |
|---|---|---|---|---|---|---|---|---|---|---|---|---|---|---|---|---|---|---|---|
| Dewey Decimal Classification | Baccah | Central Library | Central Library | First floor | 05/02/2012 | 680.00 | 13957 | 12 | 39 | 622.33827 ALV | 000025994 | 15/07/2025 | 12/03/2019 | Book - Borrowing |